000 00443nam a2200181Ia 4500
003 GCL
008 140319s9999 xx 000 0 eng d
040 _aGCL /
_cGCL
082 0 4 _a843
_bJ V
100 1 _aJOUVE, PIERRE JEAN
245 1 0 _aVAGADU /
_cJOUVE, PIERRE JEAN
260 _a[S.N] :
_bFOLIO ،
_c1989
300 _a217 P
490 _aCOLLECTION FOLIO
_v0
650 0 4 _aLITERATURE
650 0 4 _aFRENCH LITERATURE
942 _2ddc
_cBK
999 _c21842
_d21842